[Event "I Open"]
[Site "Trento ITA"]
[Date "2008.03.29"]
[Round "3"]
[White "Giancotti, Eraldo"]
[Black "Pecorari, Marcello"]
[Result "1-0"]
[WhiteElo "2070"]
[BlackElo "2075"]
[PlyCount "123"]
[EventDate "2008.03.28"]

1. d4 d5 2. Nf3 e6 3. Bf4 c5 4. c3 Nc6 5. e3 Nf6 6. Bd3 Be7 7. Nbd2 Nh5 8. Be5
c4 9. Bc2 Nxe5 10. Nxe5 Nf6 11. O-O O-O 12. f4 g6 13. g4 Nd7 14. g5 Nxe5 15.
dxe5 Bxg5 16. fxg5 Qxg5+ 17. Kh1 Qxe5 18. Qe1 Bd7 19. Qg3 Qxg3 20. hxg3 a5 21.
e4 Bc6 22. Kg1 a4 23. a3 Ra6 24. e5 Rb6 25. Rab1 Kg7 26. Rf6 h5 27. Nf3 Rh8 28.
Nd4 h4 29. Rbf1 Be8 30. g4 h3 31. Rb1 Rh4 32. Bd1 h2+ 33. Kh1 Bc6 34. Rf2 Rh3
35. Bf3 Bd7 36. Kg2 Rh4 37. Rh1 Ra6 38. Rxh2 Rxh2+ 39. Kxh2 Ra8 40. Kg3 Rf8 41.
Kf4 Rh8 42. g5 Rh4+ 43. Kg3 Rh8 44. Rh2 Rxh2 45. Kxh2 Kf8 46. Kg3 Ke7 47. Kf4
Be8 48. Ke3 Bd7 49. Nc2 Kd8 50. Kd4 b6 51. Nb4 Kc7 52. Nxd5+ exd5 53. Bxd5 Be6
54. Kxc4 b5+ 55. Kc5 Bxd5 56. Kxd5 Kd7 57. Kc5 Ke6 58. Kxb5 Kxe5 59. c4 f5 60.
gxf6 Kxf6 61. c5 Ke7 62. Kb6 1-0

[Event "I Open"]
[Site "Trento ITA"]
[Date "2008.03.29"]
[Round "3"]
[White "Kirchner, Davide"]
[Black "Spornberger, Peter"]
[Result "0-1"]
[WhiteElo "1422"]
[BlackElo "1646"]
[PlyCount "92"]
[EventDate "2008.03.28"]

1. d4 d5 2. Nf3 Nf6 3. Bg5 Ne4 4. Bh4 g6 5. e3 Bg7 6. Nbd2 Nxd2 7. Qxd2 O-O 8.
c4 Bg4 9. Be2 dxc4 10. Rc1 c6 11. Rxc4 Be6 12. Rb4 Qc7 13. Ra4 b5 14. Ra3 a5
15. b4 a4 16. Rc3 Qb7 17. O-O Bd5 18. Rfc1 Re8 19. Bg3 Nd7 20. Re1 Nf6 21. Qb2
Ne4 22. Rc2 Rac8 23. Ne5 f6 24. Nd3 Bc4 25. Rec1 Bxd3 26. Bxd3 Nxg3 27. hxg3 e5
28. Be4 Qb8 29. Bxc6 Red8 30. Rd1 Kf8 31. d5 e4 32. a3 f5 33. Qb1 Rd6 34. Rc5
Rdxc6 35. dxc6 Bf6 36. Rd7 Be7 37. Re5 Qxe5 38. Qd1 Rxc6 39. Ra7 Rd6 40. Qc1
Rd8 41. Qc6 Rd1+ 42. Kh2 Qa1 43. g4 Qe5+ 44. g3 fxg4 45. Qc8+ Kf7 46. Ra8 Qh5+
0-1

[Event "I Open"]
[Site "Trento ITA"]
[Date "2008.03.29"]
[Round "3"]
[White "La Manna, Andrea"]
[Black "Brunelli, Flavio"]
[Result "1-0"]
[WhiteElo "2153"]
[BlackElo "1659"]
[PlyCount "91"]
[EventDate "2008.03.28"]

1. d4 d5 2. c4 e6 3. Nc3 Nf6 4. cxd5 exd5 5. Bg5 Be7 6. e3 c6 7. Qc2 Be6 8. Bd3
Nbd7 9. Nge2 Qc7 10. O-O h6 11. Bf4 Bd6 12. Nb5 cxb5 13. Qxc7 Bxc7 14. Bxc7 a6
15. Rac1 Nb8 16. Nf4 Nc6 17. Be2 Kd7 18. Bb6 Ne4 19. Rfd1 Nd6 20. b3 b4 21. Bf3
Nc8 22. e4 Nxb6 23. exd5 Bxd5 24. Nxd5 Nxd5 25. Bxd5 Nd8 26. Rc4 Re8 27. Rdc1
Kd6 28. Bf3 Ra7 29. Rxb4 b5 30. a4 Rc7 31. Ra1 Nc6 32. Bxc6 Rxc6 33. axb5 axb5
34. Rxb5 Re2 35. g3 f6 36. Rf5 Rb6 37. Rf3 Rd2 38. Ra7 Rxd4 39. Rxg7 Ke6 40.
Rh7 Rdb4 41. Rxh6 Ke5 42. Rh5+ Ke6 43. Rhf5 Kf7 44. Kg2 Rxb3 45. Rxf6+ Rxf6 46.
Rxb3 1-0

[Event "I Open"]
[Site "Trento ITA"]
[Date "2008.03.29"]
[Round "3"]
[White "Mukic, Josko"]
[Black "La Venia, Stefano"]
[Result "1-0"]
[WhiteElo "2337"]
[BlackElo "1754"]
[PlyCount "73"]
[EventDate "2008.03.28"]

1. d4 d5 2. Bf4 Nf6 3. e3 Bg4 4. f3 Bf5 5. c4 e6 6. Qb3 Qc8 7. Nc3 c6 8. g4 Bg6
9. h4 h6 10. Rc1 Qd7 11. cxd5 Nxd5 12. Nxd5 exd5 13. Bh3 Qe7 14. h5 Qb4+ 15.
Qxb4 Bxb4+ 16. Kf2 Bd3 17. Ne2 Nd7 18. Nc3 Nb6 19. Rhd1 Ba6 20. Bf1 Bxf1 21.
Kxf1 O-O 22. Ne2 Rae8 23. Kf2 Be7 24. Ng3 Bg5 25. Bxg5 hxg5 26. b3 Re6 27. e4
Rfe8 28. a4 dxe4 29. fxe4 Rf6+ 30. Kg2 Rf4 31. a5 Nc8 32. a6 Ne7 33. axb7 Rb8
34. d5 cxd5 35. exd5 Rxb7 36. d6 Rxg4 37. d7 1-0

[Event "I Open"]
[Site "Trento ITA"]
[Date "2008.03.29"]
[Round "3"]
[White "Paltrinieri, Nicholas"]
[Black "Boerci, Roberto"]
[Result "1-0"]
[WhiteElo "1896"]
[BlackElo "1614"]
[PlyCount "119"]
[EventDate "2008.03.28"]

1. f4 g6 2. Nf3 Bg7 3. d3 d6 4. e4 Nf6 5. Be2 O-O 6. O-O c5 7. Nc3 Nc6 8. Qe1
Bg4 9. Qh4 Bxf3 10. Bxf3 Nd4 11. Bd1 a6 12. Ne2 Nc6 13. c3 b5 14. Bb3 e6 15. f5
exf5 16. Bg5 Ne5 17. Nf4 c4 18. Nd5 cxb3 19. Nxf6+ Bxf6 20. Bxf6 Qb6+ 21. Kh1
Ng4 22. Be7 Rfe8 23. exf5 Rxe7 24. Qxg4 d5 25. axb3 Rae8 26. Qg5 Qe3 27. Qh4
Qd2 28. Qd4 Re1 29. fxg6 hxg6 30. Qxd5 Qf2 31. Qf3 Rxf1+ 32. Rxf1 Qxf3 33. gxf3
Re2 34. Rb1 Re3 35. d4 Rxf3 36. Kg2 Rd3 37. Rf1 f5 38. Rf3 Rd2+ 39. Rf2 Rd3 40.
Kf1 Re3 41. Re2 Rxe2 42. Kxe2 Kf7 43. c4 Ke6 44. Kf3 g5 45. c5 Kd5 46. Kg3 f4+
47. Kf3 b4 48. h4 gxh4 49. Kxf4 Kxd4 50. c6 h3 51. Kg3 Kd3 52. c7 Kc2 53. c8=Q+
Kxb2 54. Qc4 a5 55. Kxh3 Ka3 56. Kg3 a4 57. bxa4 Kxa4 58. Qa2+ Kb5 59. Kf3 Kc5
60. Ke4 1-0

[Event "I Open"]
[Site "Trento ITA"]
[Date "2008.03.29"]
[Round "3"]
[White "Pedrotti, Luciano"]
[Black "Rizzoli, Aluna"]
[Result "1-0"]
[WhiteElo "1857"]
[BlackElo "1488"]
[PlyCount "83"]
[EventDate "2008.03.28"]

1. e4 d5 2. exd5 Nf6 3. Nc3 Nxd5 4. Qf3 Nf6 5. Bd3 Nc6 6. Bb5 Bd7 7. Nge2 g6 8.
O-O Bg7 9. h3 O-O 10. d4 a6 11. Ba4 b5 12. Bb3 Rb8 13. Bg5 Na5 14. Bxf6 Bxf6
15. Ne4 Bg7 16. Nc5 Bc6 17. Qe3 Bb7 18. Nxb7 Nxb7 19. c3 e6 20. Nf4 Re8 21. Qf3
Qf6 22. Qg3 Nd6 23. Nd3 Qe7 24. Ne5 Nf5 25. Qf4 Rb6 26. Rfe1 h5 27. Rad1 a5 28.
Qe4 a4 29. Bc2 Nd6 30. Qe2 Bxe5 31. dxe5 Nc4 32. b3 axb3 33. Bxb3 Rc6 34. a4
Qc5 35. axb5 Qxb5 36. Qa2 Nb6 37. Qc2 Ra8 38. Re3 Nc4 39. Bxc4 Qxc4 40. Rf3 Rc5
41. Rd7 Rf8 42. Rfxf7 1-0

[Event "I Open"]
[Site "Trento ITA"]
[Date "2008.03.29"]
[Round "3"]
[White "Pretto, Aldo"]
[Black "Filosi, Marco"]
[Result "0-1"]
[WhiteElo "1524"]
[BlackElo "1419"]
[PlyCount "40"]
[EventDate "2008.03.28"]

1. Nf3 Nf6 2. g3 g6 3. Bg2 Bg7 4. O-O d6 5. d3 O-O 6. e4 c5 7. e5 dxe5 8. Nxe5
Nbd7 9. Nxd7 Nxd7 10. c4 Ne5 11. Qb3 Nc6 12. Qa3 Qb6 13. Bxc6 Qxc6 14. Nc3 Bh3
15. Nd5 Kh8 16. Re1 e6 17. Ne3 Bd4 18. Re2 Bxe3 19. fxe3 Qf3 20. Rf2 Qd1+ 0-1

[Event "I Open"]
[Site "Trento ITA"]
[Date "2008.03.29"]
[Round "3"]
[White "Ricci, Alfredo"]
[Black "Buglisi, Massimo"]
[Result "0-1"]
[WhiteElo "2015"]
[BlackElo "1656"]
[PlyCount "128"]
[EventDate "2008.03.28"]

1. e4 c5 2. Nf3 Nc6 3. d4 cxd4 4. Nxd4 Nf6 5. Nxc6 bxc6 6. Bd3 e5 7. O-O d5 8.
Nc3 Be7 9. Qe1 d4 10. Ne2 O-O 11. f4 Ng4 12. f5 Bg5 13. Qg3 Ne3 14. Rf3 f6 15.
h4 Bh6 16. Bd2 Kh8 17. Bxe3 Bxe3+ 18. Kh1 c5 19. Qg4 a5 20. Bc4 Ba6 21. Bxa6
Rxa6 22. Rd1 Rd6 23. b3 Qd7 24. Rd3 Rd8 25. Nc3 Bh6 26. Na4 Qb5 27. Nb2 Qb4 28.
Rf1 R6d7 29. a4 Qa3 30. Nc4 Qb4 31. Qd1 Ra7 32. Qe1 Kg8 33. Qxb4 cxb4 34. g3
Kf7 35. Kg2 Rc8 36. Kf3 g6 37. fxg6+ hxg6 38. Ke2 Ke6 39. Rdf3 Rf7 40. Kd1 Rc5
41. g4 Bf4 42. Nb2 Rfc7 43. R1f2 f5 44. exf5+ gxf5 45. gxf5+ Kxf5 46. Nd3 Rc3
47. Nxe5 Kxe5 48. Rxf4 d3 49. Rf5+ Ke4 50. cxd3+ Rxd3+ 51. Ke2 Rc2+ 52. Ke1
Rxf2 53. Rxf2 Rxb3 54. Rf8 Rh3 55. Kd2 Rxh4 56. Kc2 Kd4 57. Rf5 Rh2+ 58. Kb3
Rh3+ 59. Kc2 Rh2+ 60. Kb3 Rh3+ 61. Kc2 Kc4 62. Rxa5 Rh2+ 63. Kc1 Kb3 64. Ra8
Ka2 0-1

[Event "I Open"]
[Site "Trento ITA"]
[Date "2008.03.29"]
[Round "3"]
[White "Simioni, Loris"]
[Black "Centofante, Maria Rosa"]
[Result "1-0"]
[WhiteElo "1655"]
[BlackElo "1571"]
[PlyCount "95"]
[EventDate "2008.03.28"]

1. e4 d5 2. exd5 Qxd5 3. Nf3 Nf6 4. Be2 Bg4 5. O-O c6 6. c4 Qa5 7. d4 e6 8. Nc3
Nbd7 9. Be3 Be7 10. a3 O-O 11. b4 Qc7 12. Qb3 a6 13. Kh1 e5 14. dxe5 Nxe5 15.
Bf4 Bxf3 16. Bxf3 Nfd7 17. Rfe1 Bf6 18. Ne4 Rfe8 19. Nxf6+ Nxf6 20. Qc3 Nfd7
21. Re3 Re7 22. Rae1 Rae8 23. h3 Kf8 24. Be4 Nf6 25. Bxh7 Nxh7 26. Bxe5 Rxe5
27. Rxe5 Rxe5 28. Qxe5 Qxe5 29. Rxe5 Nf6 30. g4 Nd7 31. Re3 Nb6 32. Re4 f6 33.
f4 Kf7 34. Kg2 g6 35. h4 Nd7 36. h5 Nf8 37. Kf3 gxh5 38. gxh5 f5 39. Re5 Kf6
40. Re8 Kf7 41. Rb8 b5 42. cxb5 cxb5 43. Rxf8+ Kxf8 44. Ke3 Kg7 45. Kd4 Kh6 46.
Ke5 Kxh5 47. Kxf5 Kh6 48. Kf6 1-0

[Event "I Open"]
[Site "Trento ITA"]
[Date "2008.03.29"]
[Round "3"]
[White "Spornberger, Andre"]
[Black "Masini, Michele"]
[Result "1-0"]
[WhiteElo "1485"]
[BlackElo "1398"]
[PlyCount "95"]
[EventDate "2008.03.28"]

1. d4 Nf6 2. Bf4 g6 3. e3 Bg7 4. Nf3 d6 5. h3 c6 6. Be2 Nbd7 7. O-O O-O 8. c4
h6 9. Nc3 Nh7 10. b4 e5 11. Bh2 Ng5 12. c5 dxc5 13. bxc5 exd4 14. exd4 Nxf3+
15. Bxf3 Nxc5 16. dxc5 Bxc3 17. Rb1 Qg5 18. Bd6 Re8 19. Qd3 Bf6 20. Qc4 Be7 21.
Rfe1 Bxh3 22. Rxb7 Be6 23. Qa4 Bxd6 24. cxd6 Bd5 25. Rxe8+ Rxe8 26. Bxd5 Qxd5
27. d7 Rd8 28. Qxa7 Kf8 29. Rb8 Ke7 30. Rxd8 Kxd8 31. a4 Qxd7 32. Qa5+ Qc7 33.
Qd2+ Qd7 34. Qxh6 c5 35. Qf8+ Kc7 36. Qxc5+ Kb8 37. a5 Qc7 38. Qb5+ Qb7 39.
Qxb7+ Kxb7 40. Kh2 Ka6 41. Kg3 Kxa5 42. Kf4 f6 43. Ke4 Kb5 44. Kd5 Kb4 45. Ke6
Kc4 46. Kxf6 Kd4 47. Kxg6 Ke4 48. g4 1-0

[Event "I Open"]
[Site "Trento ITA"]
[Date "2008.03.29"]
[Round "3"]
[White "Spornberger, Maximilian"]
[Black "Gromovs, Sergejs"]
[Result "0-1"]
[WhiteElo "1990"]
[BlackElo "2378"]
[PlyCount "62"]
[EventDate "2008.03.28"]

1. Nf3 h6 2. g3 g5 3. Bg2 Bg7 4. d3 d5 5. c4 dxc4 6. Qa4+ c6 7. Qxc4 Be6 8. Qc2
Na6 9. Nc3 Nf6 10. Bd2 O-O 11. O-O Nb4 12. Qa4 a5 13. a3 Nbd5 14. Nd4 Bc8 15.
Qd1 e5 16. Nc2 Be6 17. Qc1 Nxc3 18. bxc3 Bd5 19. h4 Bxg2 20. Kxg2 Qd5+ 21. Kg1
e4 22. hxg5 hxg5 23. Bxg5 exd3 24. Bxf6 Bxf6 25. Rd1 Qh5 26. exd3 Kg7 27. Ne3
Rh8 28. Kg2 Qh3+ 29. Kf3 Qh5+ 30. Kg2 Rae8 31. Qc2 Rxe3 0-1

[Event "I Open"]
[Site "Trento ITA"]
[Date "2008.03.29"]
[Round "3"]
[White "Taufer, Marco"]
[Black "Pichler, Christoph"]
[Result "0-1"]
[WhiteElo "1416"]
[BlackElo "1632"]
[PlyCount "112"]
[EventDate "2008.03.28"]

1. d4 d5 2. c4 e6 3. Nc3 Nf6 4. Bg5 Nbd7 5. Nf3 c6 6. e4 dxe4 7. Nxe4 Qa5+ 8.
Nc3 Ne4 9. Bd2 Nxd2 10. Qxd2 Bb4 11. a3 Nf6 12. Bd3 O-O 13. O-O Bd6 14. Rfd1
Qc7 15. Ne4 Be7 16. Ng3 b6 17. Be4 Bb7 18. Qc2 Rfd8 19. c5 bxc5 20. dxc5 Nxe4
21. Nxe4 Rd5 22. b4 Rad8 23. Nc3 R5d7 24. Rxd7 Rxd7 25. Rd1 a5 26. Rxd7 Qxd7
27. Qe4 Bf6 28. Qe3 axb4 29. axb4 Ba6 30. Ne4 Qd1+ 31. Ne1 Bd4 32. Qd2 Qxd2 33.
Nxd2 Bc3 34. Nef3 Bxb4 35. Nb3 Bc4 36. Nfd4 Bd5 37. Nc2 Bc3 38. Nca1 Kf8 39. f3
Ke7 40. Kf2 e5 41. Ke3 Bc4 42. g3 Ke6 43. f4 Kd5 44. fxe5 Bxe5 45. Kd2 Bxa1 46.
Nxa1 Kxc5 47. Kc3 Be6 48. Nc2 g5 49. Nb4 Kd6 50. Nd3 c5 51. Nf2 f5 52. g4 h6
53. gxf5 Bxf5 54. Nd1 h5 55. Ne3 Be6 56. Nc4+ Bxc4 0-1

[Event "I Open"]
[Site "Trento ITA"]
[Date "2008.03.29"]
[Round "3"]
[White "Teutsch, Alexander"]
[Black "Paoli, Luigino"]
[Result "1/2-1/2"]
[WhiteElo "1494"]
[BlackElo "1413"]
[PlyCount "90"]
[EventDate "2008.03.28"]

1. Nf3 Nf6 2. g3 e6 3. Bg2 d6 4. d3 Be7 5. O-O O-O 6. Nbd2 c5 7. c4 Bd7 8. a3
Bc6 9. b4 a6 10. Bb2 Nbd7 11. Qc2 Rb8 12. d4 b5 13. dxc5 dxc5 14. Bc3 Qc8 15.
cxb5 Bxb5 16. Qd1 Rd8 17. Re1 Bf8 18. e4 h6 19. Rc1 Nb6 20. Bxf6 gxf6 21. Qb3
c4 22. Qc2 Rd3 23. Re3 Qd7 24. Rxd3 cxd3 25. Qc7 Rc8 26. Qxb6 Rxc1+ 27. Bf1 Ra1
28. Qa5 Qc8 29. Nb3 Ra2 30. Nbd4 Qc3 31. Nxb5 axb5 32. Qxb5 Rxa3 33. Qd7 Bxb4
34. Qd8+ Kg7 35. h4 Qc1 36. e5 fxe5 37. Nxe5 Qc5 38. Ng4 Qf5 39. Qd4+ f6 40.
Qxb4 Ra1 41. Qe7+ Kg6 42. Qe8+ Kg7 43. Qe7+ Kg6 44. Qe8+ Kg7 45. Qe7+ Kg6
1/2-1/2

[Event "I Open"]
[Site "Trento ITA"]
[Date "2008.03.30"]
[Round "4"]
[White "Barro, Francesco"]
[Black "Mukic, Josko"]
[Result "0-1"]
[WhiteElo "2025"]
[BlackElo "2337"]
[PlyCount "46"]
[EventDate "2008.03.28"]

1. e4 d5 2. exd5 Nf6 3. d4 Nxd5 4. Nf3 Bg4 5. Be2 e6 6. O-O Nc6 7. h3 Bh5 8.
Re1 Be7 9. c3 O-O 10. b3 Bf6 11. g4 Bg6 12. g5 Bxb1 13. gxf6 Nxc3 14. Qd2 Nxe2+
15. Qxe2 Qxf6 16. Bb2 Qg6+ 17. Kh2 Bf5 18. Rg1 Qh5 19. Rg3 Ne7 20. d5 Ng6 21.
h4 Bg4 22. Qe4 Bxf3 23. Rxf3 exd5 0-1

[Event "I Open"]
[Site "Trento ITA"]
[Date "2008.03.30"]
[Round "4"]
[White "Boerci, Roberto"]
[Black "Ricci, Alfredo"]
[Result "1/2-1/2"]
[WhiteElo "1614"]
[BlackElo "2015"]
[PlyCount "106"]
[EventDate "2008.03.28"]

1. Nf3 d5 2. g3 c5 3. Bg2 Nc6 4. d3 Nf6 5. O-O e6 6. Nbd2 Be7 7. e4 O-O 8. e5
Nd7 9. Re1 Qc7 10. Qe2 Nb4 11. Nf1 d4 12. h4 Rb8 13. N1h2 b5 14. Bf4 Bb7 15. a3
Nd5 16. Bg5 Rfe8 17. Bxe7 Rxe7 18. h5 h6 19. Ng4 f5 20. exf6 N5xf6 21. Nxf6+
gxf6 22. Nh4 Nf8 23. Qg4+ Rg7 24. Ng6 Bxg2 25. Kxg2 Re8 26. Qh4 Nxg6 27. hxg6
Rxg6 28. Re2 Qc6+ 29. Qe4 Qxe4+ 30. Rxe4 e5 31. b4 c4 32. a4 f5 33. Ree1 a6 34.
axb5 axb5 35. Ra5 Rb6 36. dxc4 bxc4 37. Raxe5 Rxe5 38. Rxe5 Rxb4 39. Rxf5 c3
40. Rc5 Rb1 41. Kf3 Rd1 42. Ke4 Rd2 43. f4 Kf7 44. Rc4 Rg2 45. Kxd4 Rxg3 46.
Rxc3 Rg2 47. Ke5 Kg6 48. f5+ Kg5 49. Rc4 Re2+ 50. Kd4 Kxf5 51. Rc5+ Kg4 52. c4
h5 53. Rc8 h4 1/2-1/2

[Event "I Open"]
[Site "Trento ITA"]
[Date "2008.03.30"]
[Round "4"]
[White "Brunelli, Flavio"]
[Black "Bisaro, Andrea"]
[Result "1-0"]
[WhiteElo "1659"]
[BlackElo "1596"]
[PlyCount "123"]
[EventDate "2008.03.28"]

1. e4 Nc6 2. Bc4 e6 3. Nf3 d5 4. exd5 exd5 5. Be2 Nf6 6. d4 Bb4+ 7. c3 Be7 8.
O-O O-O 9. Qc2 Bg4 10. Bg5 Ne4 11. Bxe7 Nxe7 12. Re1 Ng6 13. Ne5 Bxe2 14. Rxe2
Nf4 15. Re1 Qg5 16. f3 Nf2 17. Ng4 Nxg4 18. fxg4 Qxg4 19. Na3 c6 20. Rf1 Rfe8
21. Rae1 Re2 22. Rxe2 Nxe2+ 23. Kh1 Re8 24. g3 Qh3 25. Rf3 Nxg3+ 26. Rxg3 Re1+
27. Rg1 Qf3+ 28. Qg2 Qxg2+ 29. Kxg2 Re2+ 30. Kg3 Rxb2 31. Rg2 Rxg2+ 32. Kxg2
Kf8 33. Kf3 Ke7 34. Nc2 f5 35. Ne1 g5 36. Nd3 h6 37. Nc5 b6 38. Nd3 Ke6 39. a4
h5 40. Ne5 c5 41. Nc6 cxd4 42. Nxd4+ Kf6 43. Nc6 a6 44. Nb4 Ke5 45. Nxa6 g4+
46. Ke2 f4 47. Nb8 Kd6 48. Na6 f3+ 49. Ke3 h4 50. Nb4 Kc5 51. Nd3+ Kc4 52. Ne5+
Kxc3 53. Nxg4 d4+ 54. Kxf3 d3 55. Ke3 d2 56. Ke2 Kc2 57. Nf2 h3 58. Nd1 Kc1 59.
Ne3 Kb1 60. Kxd2 Kb2 61. Nc4+ Kb3 62. Nxb6 1-0

[Event "I Open"]
[Site "Trento ITA"]
[Date "2008.03.30"]
[Round "4"]
[White "Buglisi, Massimo"]
[Black "Spornberger, Maximilian"]
[Result "0-1"]
[WhiteElo "1656"]
[BlackElo "1990"]
[PlyCount "98"]
[EventDate "2008.03.28"]

1. d4 g6 2. c4 Bg7 3. Nc3 Nf6 4. e4 d6 5. f3 O-O 6. Be3 Nc6 7. Rb1 e5 8. d5 Nd4
9. Nge2 Nxe2 10. Bxe2 Nh5 11. b4 Nf4 12. Bf1 f5 13. Qd2 fxe4 14. Nxe4 Bf5 15.
Kd1 Qd7 16. Bd3 Qa4+ 17. Bc2 Qxa2 18. g3 Nh5 19. Ke2 Qxc4+ 20. Bd3 Qxd5 21.
Rhc1 Kh8 22. Rxc7 Rac8 23. Rbc1 Rxc7 24. Rxc7 Rc8 25. Rxc8+ Bxc8 26. Bxa7 Nf6
27. Qc2 Bf5 28. Bb8 Nxe4 29. Bxe4 Bxe4 30. Qc8+ Qg8 31. Qxg8+ Kxg8 32. fxe4 Bf8
33. Kd3 b5 34. h3 Kf7 35. g4 Ke6 36. Ba7 d5 37. Bc5 Bxc5 38. bxc5 dxe4+ 39.
Kxe4 b4 40. Kd3 Kd5 41. c6 Kxc6 42. Kc4 g5 43. Kxb4 Kd5 44. Kc3 e4 45. Kd2 Kd4
46. Ke2 e3 47. Ke1 Kd3 48. Kd1 e2+ 49. Ke1 h6 0-1

[Event "I Open"]
[Site "Trento ITA"]
[Date "2008.03.30"]
[Round "4"]
[White "Castellano, Alfonso"]
[Black "Gallo, Carlo"]
[Result "1-0"]
[WhiteElo "1936"]
[BlackElo "1667"]
[PlyCount "129"]
[EventDate "2008.03.28"]

1. c4 d6 2. Nc3 e5 3. g3 g6 4. Bg2 Bg7 5. e4 Nf6 6. Nge2 O-O 7. O-O Nc6 8. d3
Re8 9. h3 Be6 10. Be3 a6 11. Qd2 Qd7 12. Kh2 Rab8 13. a4 Qe7 14. Bg5 Qf8 15.
Nd5 Bxd5 16. cxd5 Ne7 17. b4 Nd7 18. Rac1 Rec8 19. Rc2 c5 20. b5 axb5 21. axb5
Ra8 22. Ra2 Rxa2 23. Qxa2 f6 24. Bd2 Ra8 25. Qb2 Bh6 26. Bc3 Nb6 27. Ra1 Na4
28. Qb1 Nxc3 29. Nxc3 f5 30. Ra2 Qb8 31. h4 Nc8 32. Bh3 f4 33. Bxc8 Qxc8 34. b6
Rxa2 35. Qxa2 fxg3+ 36. fxg3 Qf8 37. Kg2 Qc8 38. Nb5 Bf8 39. Nc7 Qg4 40. Qc2
Be7 41. Kh2 g5 42. hxg5 Bxg5 43. Ne6 Be3 44. Nd8 h5 45. Qg2 h4 46. gxh4 Qxg2+
47. Kxg2 c4 48. dxc4 Bxb6 49. Nxb7 Bc7 50. c5 dxc5 51. d6 Bb6 52. Kf3 Kf7 53.
h5 Kf6 54. h6 c4 55. Ke2 Kg6 56. d7 Kxh6 57. d8=Q Bxd8 58. Nxd8 Kg6 59. Ne6 Kf6
60. Nc5 Ke7 61. Na4 Kd6 62. Kd2 Kc6 63. Kc3 Kb5 64. Nb2 Kc5 65. Nxc4 1-0

[Event "I Open"]
[Site "Trento ITA"]
[Date "2008.03.30"]
[Round "4"]
[White "Centofante, Maria Rosa"]
[Black "Amico, Antonino"]
[Result "1-0"]
[WhiteElo "1571"]
[BlackElo "1407"]
[PlyCount "45"]
[EventDate "2008.03.28"]

1. d4 d5 2. Nf3 Nf6 3. c4 e6 4. Nc3 Nc6 5. Bg5 Be7 6. cxd5 Nxd5 7. Bxe7 Ndxe7
8. e4 O-O 9. Be2 a6 10. O-O Ng6 11. Qd2 Qe7 12. a3 e5 13. dxe5 Ngxe5 14. Qe3
Bg4 15. Rad1 Rad8 16. Nd5 Qd6 17. h3 Nxf3+ 18. Bxf3 Bxf3 19. Qxf3 Ne5 20. Qc3
c6 21. Ne3 Qg6 22. Qxe5 Rde8 23. Qf5 1-0

[Event "I Open"]
[Site "Trento ITA"]
[Date "2008.03.30"]
[Round "4"]
[White "Dappiano, Andrea"]
[Black "Simioni, Loris"]
[Result "1-0"]
[WhiteElo "1894"]
[BlackElo "1655"]
[PlyCount "85"]
[EventDate "2008.03.28"]

1. c4 Nf6 2. Nc3 e5 3. Nf3 Nc6 4. e4 Bc5 5. Nxe5 Bxf2+ 6. Kxf2 Nxe5 7. d4 Neg4+
8. Kg1 d6 9. h3 Nh6 10. Bxh6 gxh6 11. Kh2 Nd7 12. Be2 Qg5 13. Re1 Rg8 14. Bf1
Qg3+ 15. Kh1 Ne5 16. dxe5 Bxh3 17. Qf3 Qxf3 18. gxf3 Bxf1 19. Rxf1 dxe5 20. Nd5
Kf8 21. Rg1 Rg6 22. Rad1 Rxg1+ 23. Kxg1 Rd8 24. Ne3 Rd4 25. Kf2 h5 26. Ke2 Rxd1
27. Kxd1 Kg7 28. Ke2 Kg6 29. Nf5 Kg5 30. Kf2 h4 31. b4 h5 32. a3 h3 33. Kg3 h4+
34. Kxh3 Kf4 35. Nxh4 Ke3 36. Kg4 a5 37. Kf5 axb4 38. axb4 Kd4 39. c5 Kc4 40.
Kxe5 Kxb4 41. Kd4 b5 42. cxb6 cxb6 43. Nf5 1-0

[Event "I Open"]
[Site "Trento ITA"]
[Date "2008.03.30"]
[Round "4"]
[White "De Nisi, Roberta"]
[Black "Scian, Nicola"]
[Result "0-1"]
[WhiteElo "1850"]
[BlackElo "1659"]
[PlyCount "92"]
[EventDate "2008.03.28"]

1. d4 d5 2. c4 c6 3. Nc3 Nf6 4. cxd5 cxd5 5. Bg5 e6 6. e4 dxe4 7. Bb5+ Nbd7 8.
Qa4 a6 9. Nxe4 Be7 10. Bxf6 gxf6 11. Nf3 O-O 12. Bd3 f5 13. Nc3 Bf6 14. Qc2 Kh8
15. O-O-O b5 16. Ne5 Bb7 17. Qe2 b4 18. Na4 Nxe5 19. dxe5 Qc7+ 20. Kb1 Qxe5 21.
Qxe5 Bxe5 22. Rhe1 Bxh2 23. g3 Rad8 24. Nc5 Bf3 25. Be2 Bxe2 26. Rxd8 Rxd8 27.
Rxe2 a5 28. Nb3 Rd5 29. Nd2 f4 30. Kc2 fxg3 31. fxg3 Bxg3 32. Rg2 Bf4 33. Ne4
Rf5 34. Kd3 h5 35. Kc4 h4 36. Nf2 Bg3 37. Nh3 Kh7 38. a3 bxa3 39. bxa3 Kh6 40.
Rd2 Kh5 41. Rd4 Rf1 42. Kb5 Rh1 43. Nf4+ Bxf4 44. Rxf4 Ra1 45. a4 f5 46. Kxa5
h3 0-1

[Event "I Open"]
[Site "Trento ITA"]
[Date "2008.03.30"]
[Round "4"]
[White "Facchetti, Lorenzo"]
[Black "D'Aulisa, Francesco"]
[Result "0-1"]
[WhiteElo "1674"]
[BlackElo "1836"]
[PlyCount "97"]
[EventDate "2008.03.28"]

1. d4 e6 2. c4 d6 3. Nc3 Nd7 4. e4 b6 5. Nf3 h6 6. Be2 Ne7 7. O-O Bb7 8. Qc2 a6
9. Be3 g5 10. Nd2 e5 11. d5 Ng6 12. g3 Rg8 13. b4 Be7 14. Nb3 Bc8 15. c5 Kf8
16. Rfc1 Nf4 17. Bf1 Nf6 18. cxb6 cxb6 19. Na4 Bh3 20. Nxb6 Bxf1 21. Kxf1 Rb8
22. Qc7 Nd3 23. Rc3 Nxb4 24. Qa7 Kg7 25. a3 Ng4 26. Rc7 Nxe3+ 27. fxe3 Nc2 28.
Ra2 Nxe3+ 29. Ke2 Rxb6 30. Qxb6 Ng4 31. Qb7 Re8 32. Na5 Nf6 33. Nc6 Qa8 34.
Nxe7 Qxb7 35. Nf5+ Kg6 36. Rxb7 Nxe4 37. Ke3 Kxf5 38. g4+ Kxg4 39. Kxe4 f5+ 40.
Ke3 f4+ 41. Ke4 Rc8 42. Rb6 Rc4+ 43. Kd3 Rd4+ 44. Ke2 Rxd5 45. Rb4 Kf5 46. Kf2
e4 47. Re2 e3+ 48. Kf1 Rd3 49. Rb6 0-1

[Event "I Open"]
[Site "Trento ITA"]
[Date "2008.03.30"]
[Round "4"]
[White "Filosi, Andrea"]
[Black "Taufer, Marco"]
[Result "0-1"]
[WhiteElo "1500"]
[BlackElo "1416"]
[PlyCount "44"]
[EventDate "2008.03.28"]

1. d4 e6 2. e4 d5 3. exd5 exd5 4. c3 Nf6 5. Bg5 Be7 6. Qe2 O-O 7. Nd2 h6 8. Bh4
Bf5 9. O-O-O Nbd7 10. f3 Re8 11. Qf2 Rc8 12. b4 a5 13. a3 axb4 14. axb4 Ra8 15.
Kb2 Ra7 16. Nb3 Qa8 17. Ra1 Nb6 18. Rxa7 Qxa7 19. Kc1 Qa3+ 20. Qb2 Qa4 21. Bxf6
Bxf6 22. Ne2 Nc4 0-1

[Event "I Open"]
[Site "Trento ITA"]
[Date "2008.03.30"]
[Round "4"]
[White "Filosi, Marco"]
[Black "Di Cecco, Giuseppe"]
[Result "0-1"]
[WhiteElo "1419"]
[BlackElo "2092"]
[PlyCount "39"]
[EventDate "2008.03.28"]

1. d4 Nf6 2. Nf3 g6 3. Bf4 Bg7 4. e3 O-O 5. Bd3 d6 6. c3 Nbd7 7. Qc2 Re8 8.
Nbd2 c6 9. O-O e5 10. Bg3 Qc7 11. Rfe1 Nh5 12. Bh4 f5 13. e4 fxe4 14. Nxe4 d5
15. Ned2 e4 16. Bxe4 dxe4 17. Rxe4 Rxe4 18. Qxe4 Ndf6 19. g4 Nxe4 20. Nxe4 0-1

[Event "I Open"]
[Site "Trento ITA"]
[Date "2008.03.30"]
[Round "4"]
[White "Forer, Erich"]
[Black "Fortunato, Vito"]
[Result "1/2-1/2"]
[WhiteElo "1482"]
[BlackElo "1874"]
[PlyCount "40"]
[EventDate "2008.03.28"]

1. d4 Nf6 2. Nf3 g6 3. e3 Bg7 4. c4 c5 5. Nc3 O-O 6. Be2 cxd4 7. exd4 d5 8. Bf4
a6 9. h3 dxc4 10. Bxc4 e6 11. Qd2 b5 12. Bb3 Bb7 13. Rd1 Bxf3 14. gxf3 b4 15.
Ne4 Nd5 16. Bd6 Re8 17. Be5 f6 18. Bg3 Nc6 19. Ba4 Qb6 20. O-O Re7 1/2-1/2

[Event "I Open"]
[Site "Trento ITA"]
[Date "2008.03.30"]
[Round "4"]
[White "Gromovs, Sergejs"]
[Black "Giancotti, Eraldo"]
[Result "1-0"]
[WhiteElo "2378"]
[BlackElo "2070"]
[PlyCount "39"]
[EventDate "2008.03.28"]

1. d4 Nf6 2. Nf3 g6 3. c4 Bg7 4. Nc3 O-O 5. e4 d6 6. Be2 e5 7. O-O exd4 8. Nxd4
Re8 9. f3 Nc6 10. Nc2 Nh5 11. g4 Be5 12. Rf2 Nf4 13. Bf1 Be6 14. Nd5 Bxd5 15.
cxd5 Nb8 16. Be3 c6 17. Qd2 Qf6 18. Nb4 cxd5 19. Bxf4 Bxf4 20. Nxd5 1-0

[Event "I Open"]
[Site "Trento ITA"]
[Date "2008.03.30"]
[Round "4"]
[White "Kaserer, Hans-Peter"]
[Black "Luciani, Valerio"]
[Result "0-1"]
[WhiteElo "1956"]
[BlackElo "2217"]
[PlyCount "70"]
[EventDate "2008.03.28"]

1. d4 f5 2. Nf3 Nf6 3. g3 g6 4. Bg2 Bg7 5. O-O O-O 6. b3 d6 7. Bb2 Qe8 8. Nbd2
Nc6 9. Nc4 h6 10. Re1 Qf7 11. e3 Bd7 12. Ncd2 Rae8 13. e4 fxe4 14. Nxe4 Nxe4
15. Rxe4 Bf5 16. Re3 Nb4 17. Ne1 Nd5 18. Bxd5 Qxd5 19. c4 Qf7 20. Qe2 h5 21.
Ng2 Bg4 22. Qc2 Bf6 23. Ree1 Qg7 24. Qd2 c5 25. Ne3 Bf3 26. Nc2 Rd8 27. Qd3 Bc6
28. Rad1 d5 29. Qd2 Rfe8 30. f4 dxc4 31. bxc4 Ba4 32. Re2 Bxc2 33. Qxc2 cxd4
34. Qe4 d3 35. Qe6+ Kh7 0-1